000 00555nam a2200193Ia 4500
001 12939
003 GE_BSU
008 181216s||||||||xx |||||||||||||| ||und||
040 _cGE_BSU
245 _aВопросы Психологии №5.Сентябрь-Октябрь 2014
245 _bНаучный журнал
245 _cГл.ред.Щедрина Е.В.
260 _aМосква
260 _c2014
300 _a176стр.24см.
653 _aВопросы Психологии
653 _aНаучный журнал
942 _cCR
999 _c46108
_d46108